Corporate finance/ (Record no. 24353)

MARC details
000 -LEADER
fixed length control field 00653nam a22002177a 4500
020 ## - INTERNATIONAL STANDARD BOOK NUMBER
ISBN 9780070091245
041 ## - LANGUAGE CODE
Language code of text/sound track or separate title English
082 ## - DEWEY DECIMAL CLASSIFICATION NUMBER
Classification number 338.6041 ROS
Item number ROS
100 ## - MAIN ENTRY--AUTHOR NAME
Author name Ross,Stephen A.
245 ## - TITLE STATEMENT
Title Corporate finance/
Statement of responsibility, etc Stephen A Ross, Randolph W Westerfield , Jeffrey Jaffe, Ram Kumar Kakani
250 ## - EDITION STATEMENT
Edition statement 8th ed.
260 ## - PUBLICATION, DISTRIBUTION, ETC. (IMPRINT)
Place of publication New Delhi :
Name of publisher Mc Graw Hill ,
Year of publication 2009 .
300 ## - PHYSICAL DESCRIPTION
Number of Pages xxxiv , 1105 pages :
Dimensions 24 cm .
Other physical details illustrations ;
504 ## - BIBLIOGRAPHY, ETC. NOTE
Bibliography, etc Include Indexes .
650 ## - SUBJECT ADDED ENTRY--TOPICAL TERM
Subject Financial Management
700 ## - ADDED ENTRY--PERSONAL NAME
Author 2/ Editor Westerfield, Randolph W.
700 ## - ADDED ENTRY--PERSONAL NAME
Author 2/ Editor Jaffe, Jeffrey
700 ## - ADDED ENTRY--PERSONAL NAME
Author 2/ Editor Kakani, Ram Kumar
942 ## - ADDED ENTRY ELEMENTS (KOHA)
Source of classification or shelving scheme Dewey Decimal Classification
Koha item type Books
Holdings
Withdrawn status Lost status Source of classification or shelving scheme Damaged status Not for loan Home library Current library Shelving location Date acquired Source of acquisition Full call number Accession Number Koha item type
    Dewey Decimal Classification     Institute of Public Enterprise, Library Institute of Public Enterprise, Library S Campus 05/25/2026 Donated by Prof. S. Sathish Kumar (IPE Faculty) 338.6041 ROS 51077 Books

Maintained and Designed by
2cqr automation private limited, Chennai. All Rights Reserved.

You are Visitor Number

PHP Hits Count